Οι φλεγμονές της στοματικής κοιλότητας ως δείκτες φλεγμονής ενδοθηλίου και στεφανιαίας νόσου : μεταπτυχιακή διατριβή

Τόσο τα περιοδοντικά όσο και τα καρδιαγγειακά νοσήματα είναι πολυπαραγοντικής αιτιολογίας νοσήματα με μεγάλη συχνότητα εμφάνισης στον πληθυσμό. Μοιράζονται κοινούς παράγοντες κινδύνου όπως το κάπνισμα, ο σακχαρώδης διαβήτης, η ηλικία, η υπέρταση κ.ά. Η περιοδοντίτιδα είναι μία χρόνια φλεγμονώδης νόσ...

Πλήρης περιγραφή

Αποθηκεύτηκε σε:
Λεπτομέρειες βιβλιογραφικής εγγραφής
Κύριος συγγραφέας: Γεροντίδου, Ειρήνη
Συγγραφή απο Οργανισμό/Αρχή: Πανεπιστήμιο Αιγαίου. Τμήμα Μηχανικών Σχεδίασης Προϊόντων και Συστημάτων. Μεταπτυχιακό Πρόγραμμα Σπουδών στα Ολιστικά Εναλλακτικά Θεραπευτικά Συστήματα - Κλασική Ομοιοπαθητική
Άλλοι συγγραφείς: Δαρζέντας, Ιωάννης (Εισηγητής διατριβής)
Μορφή: Thesis Βιβλίο
Γλώσσα:Greek
Δημοσίευση: 2012
Θέματα:
Διαθέσιμο Online:http://hdl.handle.net/11610/12700
Ετικέτες: Προσθήκη ετικέτας
Δεν υπάρχουν, Καταχωρήστε ετικέτα πρώτοι!

MARC

LEADER 00000cam a2200000 i 4500
001 1/24523
008 130115s2012 gre d
035 |l 10113465 
040 |a GR-MY-UA  |b gre  |e aacr 
041 0 |a gre 
082 0 |a 617.632  |2 (22) 
100 1 |a Γεροντίδου, Ειρήνη. 
245 1 3 |a Οι φλεγμονές της στοματικής κοιλότητας ως δείκτες φλεγμονής ενδοθηλίου και στεφανιαίας νόσου :  |b μεταπτυχιακή διατριβή /  |c Γεροντίδου Ειρήνη ; επιβλέπων καθηγητής: Δαρζέντας Ιωάννης 
260 |c 2012 
300 |a 113 φύλλα;  |b εικ.;  |c 30 εκ. 
500 |a Διάθεση πλήρους κειμένου ελεύθερης πρόσβασης με κλειδωμένη τη δυνατότητα αντιγραφής του κειμένου 
502 |a Διατριβή (μεταπτυχιακή) – Πανεπιστήμιο Αιγαίου, Σύρος, 2012. 
504 |a Βιβλιογραφία: σ. 108-113 
520 |a Τόσο τα περιοδοντικά όσο και τα καρδιαγγειακά νοσήματα είναι πολυπαραγοντικής αιτιολογίας νοσήματα με μεγάλη συχνότητα εμφάνισης στον πληθυσμό. Μοιράζονται κοινούς παράγοντες κινδύνου όπως το κάπνισμα, ο σακχαρώδης διαβήτης, η ηλικία, η υπέρταση κ.ά. Η περιοδοντίτιδα είναι μία χρόνια φλεγμονώδης νόσος των στηρικτικών περιοδοντικών ιστών. Ως χρόνια λοίμωξη του στόματος, ανεβάζει τα επίπεδα πρωτεϊνών οξείας φάσης, όπως το CRP και το ινωδογόνο, στο αίμα. Οι συστηματικές αιματολογικές μεταβολές που επισυμβαίνουν αυξάνουν τον κίνδυνο για ισχαιμική νόσο. Στα καρδιαγγειακά νοσήματα συμπεριλαμβάνονται η ισχαιμική καρδιακή νόσος (στεφανιαία νόσος), το εγκεφαλικό επεισόδιο, η περιφερική αρτηριακή νόσος, η καρδιακή ανεπάρκεια κ.ά. Πιθανοί βιολογικοί μηχανισμοί, που σχετίζονται με τη συστηματική φλεγμονή, τη βακτηριαιμία αλλά και τις τοξίνες των περιοδοντικών μικροοργανισμών που εισέρχονται στην κυκλοφορία, προτάθηκαν για τη συσχέτιση της περιοδοντικής νόσου και της στεφανιαίας νόσου. Από πλήθος επιδημιολογικών αλλά και μικροβιακών ανοσολογικών μελετών προέκυψε ότι υπάρχει συσχέτιση μεταξύ της περιοδοντικής νόσου και των καρδιαγγειακών νοσημάτων με σχετικό κίνδυνο που κυμαίνεται μεταξύ 1.2-7. Πιο συγκεκριμένα, η πρώτη μελέτη που δημοσιεύτηκε το 1989 από τους Mattila και συν. βρήκε ότι ασθενείς με πρόσφατο επεισόδιο εμφράγματος εμφάνιζαν υψηλότερα ποσοστά στοματικών λοιμώξεων. Υπήρξαν βέβαια και μελέτες που δεν παρατήρησαν θετική συσχέτιση όπως σε αυτή των Nakib και συν. το 2004. Σε κάθε περίπτωση η θετική συσχέτιση που βρέθηκε στην πλειοψηφία των μελετών δεν συνδέει την περιοδοντική νόσο αιτιολογικά με την εκδήλωση των καρδιαγγειακών νοσημάτων. Επιπλέον, σε ανοσολογικές μελέτες ανιχνεύτηκαν περιοδοντοπαθογόνοι μικροοργανισμοί, όπως ο P. gingivalis, σε αθηρωσκληρωτικές βλάβες, αλλά όχι ζωντανά στελέχη αυτών. Τέλος, σε μικροβιολογικές μελέτες η αύξηση των αντισωμάτων κατά βασικών περιοδοντοπαθογόνων βακτηρίων αυξάνει το ρίσκο για έμφραγμα και εγκεφαλικό επεισόδιο. Επομένως, η περιοδοντική νόσος παρά τον τοπικό χαρακτήρα εντόπισής της έχει τη δυνατότητα να επηρεάσει συστημικά όλο τον οργανισμό, πράγμα που διαφαίνεται τόσο από τους δείκτες φλεγμονής όσο και από την εύρεση των περιοδοντοπαθογόνων μικροβίων και των αντισωμάτων για αυτά, στην κυκλοφορία του αίματος. Είναι βασικό να τονίσουμε ότι η λοίμωξη δεν είναι αποκλειστική ευθύνη του μικροοργανισμού αλλά είναι αποτέλεσμα της διαταραχής της ισορροπίας μεταξύ του μικροβιακού παράγοντα και της ικανότητας του αμυντικού μηχανισμού του ξενιστή να τον αντιμετωπίσει αποτελεσματικά. Το αποτέλεσμα αυτό βρίσκει σύμφωνη την ομοιοπαθητική αλλά και τη συστημική θεωρία, σύμφωνα με την οποία ο οργανισμός είναι ένα άρρηκτα συνδεδεμένο σύνολο συστημάτων που το ένα επηρεάζει το άλλο. Οπότε, η ομοιοπαθητική έρχεται ως αρωγός στο έργο για την ενίσχυση του ανοσοποιητικού συστήματος κάθε οργανισμού με εξατομικευμένη προσέγγιση, με έμφαση στην ολότητα και όχι στον κατακερματισμό και τη νόσο αυτή κάθε αυτή. 
650 0 0 |a Periodontal Diseases  |x complications. 
650 0 0 |a Cardiovascular Diseases  |x etiology. 
650 0 0 |a Homeopathy. 
650 0 0 |a Dissertations, Academic  |z Greece. 
700 1 |a Δαρζέντας, Ιωάννης.  |4 ths 
710 2 |a Πανεπιστήμιο Αιγαίου.   |b Τμήμα Μηχανικών Σχεδίασης Προϊόντων και Συστημάτων.   |b Μεταπτυχιακό Πρόγραμμα Σπουδών στα Ολιστικά Εναλλακτικά Θεραπευτικά Συστήματα - Κλασική Ομοιοπαθητική. 
852 |a INST  |b SYROS  |c DIATR  |e 20130115  |h 617.632 ΓΕΡ  |p 005500010507  |q 005500010507  |t MTXE  |y 23 
852 |a INST  |b SYROS  |c DIATR  |e 20130115  |h 617.632 ΓΕΡ  |p 005500010508  |q 005500010508  |t MTXE  |y 23 
856 |u http://hdl.handle.net/11610/12700 
901 |a BIBL5-2012-1 
909 |a Ε  |b 174016 
909 |a Ε  |b 174017 
924 |a ΓΕΡΟΝΤΙΔΟΥ  |b ΕΙΡΗΝΗ  |y ΣΥΡΟΣ  |z 2012-11 
970 |a ΚΟΝΤΟΥ  |b ΠΑΡΑΣΚΕΥΗ  |z 2013/01/15